Venturas y desventuras de la Regeneracin̤

Detalles Bibliográficos
Autor principal: Barreto Rozo, Antonio
Formato: eBook
Lenguaje:español
Publicado: Bogot:̀ Universidad de Los Andes (Colombia), 2011
Materias:
Acceso en línea:Acceso restringido

MARC

LEADER 00000nam a22000007a 4500
005 2019052106156.0
007 cr|||| ||||
008 190521s2011 co |||||s|||| 00||0 spa d
020 |a 978-958-695-604-8 
035 |a 23388 
040 |a vLex 
090 |c 8796  |d 8796 
100 1 |a Barreto Rozo, Antonio 
245 1 0 |a Venturas y desventuras de la Regeneracin̤  |h [Recurso electrn̤ico] /  |c Antonio Barreto Rozo 
256 |a Servicio en ln̕ea 
260 |a Bogot:̀  |b Universidad de Los Andes (Colombia),  |c 2011 
300 |a 1 recurso electrn̤ico 
500 |a Apuntes de historia jurd̕ica sobre el proyecto polt̕ico de 1886 y sus transformaciones y rupturas en el siglo XX. El estudio minucioso de la Constitucin̤ colombiana de 1886 no es simplemente una labor anecdt̤ica, conmemorativa o de compilacin̤ dispuesta para ser: arrumada dentro del cm︢ulo de testimonios de un museo remoto e inerte: por el contrario, representa un impulso vivo y vigente dentro de los muchos disponibles para entender la trayectoria de la vida polt̕ica de nuestro pas̕ y de la regin̤ latinoamericana. Saber comprender histr̤icamente la Constitucin̤ de 1886 es otra forma de empezar a entender los dil̀ogos y los contradil̀ogos, los significados y los vaco̕s semǹticos, las luchas y las concesiones presentes en la actual Constitucin̤ de 1991. Con tal derrotero en la mente, este libro emprende una exploracin̤ histr̤ica del proyecto polt̕ico de la Regeneracin̤ analizando, en primera medida, el proyecto constitucional de crear una administracin̤ pb︢lica en nuestro medio; posteriormente, los espacios llamativos de intervencin̤ estatal en la industria y en la banca y, finalmente, los referentes principales de participacin̤ y representacin̤ democrt̀ica presentes en las concepciones regeneradoras de la nacin̤ y del sufragio universal. 
506 1 |a Disponible solo en los productos indicados  |d vLex Global  |d vLex Global (Academic Edition, excluding Law Schools)  |d vLex Global (U.S. Academic Edition, Law Schools)  |d vLex Global (U.S. Academic Edition, excluding Law Schools)  |d vLex Global (Academic Edition, Law Schools) 
650 0 4 |a Derecho Militar  |z Colombia 
740 0 |a vLex Libros (Servicio en ln̕ea) 
856 4 0 |u http://vlex.com/source/venturas-y-desventuras-de-la-regeneracion-23388  |z Acceso restringido 
942 |c BOOK 
999 0 |a Military Law